<?xml version="1.0" encoding="UTF-8"?>
<record
    xmlns:xsi="http://www.w3.org/2001/XMLSchema-instance"
    xsi:schemaLocation="http://www.loc.gov/MARC21/slim http://www.loc.gov/standards/marcxml/schema/MARC21slim.xsd"
    xmlns="http://www.loc.gov/MARC21/slim">

  <leader>00449nam a22001217a 4500</leader>
  <datafield tag="999" ind1=" " ind2=" ">
    <subfield code="c">9331</subfield>
    <subfield code="d">9331</subfield>
  </datafield>
  <controlfield tag="003">OSt</controlfield>
  <controlfield tag="008">201203b           ||||| |||| 00| 0 eng d</controlfield>
  <datafield tag="245" ind1=" " ind2=" ">
    <subfield code="a">Journal of Indian Water Works Association</subfield>
  </datafield>
  <datafield tag="250" ind1=" " ind2=" ">
    <subfield code="a">2015(Apr-Jun Vol.47 No.2, Jul-Sep Vol.47 No.3, Oct-Dec Vol.47 No.4) 2016( Jan-Mar Vol.48 No.1, Jul-Sep Vol.48 No.3, Oct-Dec Vol.48 No.4)</subfield>
  </datafield>
  <datafield tag="260" ind1=" " ind2=" ">
    <subfield code="a">New Delhi</subfield>
    <subfield code="b">Indian Water Works Association</subfield>
  </datafield>
  <datafield tag="650" ind1=" " ind2=" ">
    <subfield code="a">Civil Engineering</subfield>
  </datafield>
  <datafield tag="942" ind1=" " ind2=" ">
    <subfield code="2">ddc</subfield>
    <subfield code="c">BV</subfield>
  </datafield>
  <datafield tag="952" ind1=" " ind2=" ">
    <subfield code="0">0</subfield>
    <subfield code="1">0</subfield>
    <subfield code="2">ddc</subfield>
    <subfield code="3">Bound Volume</subfield>
    <subfield code="4">0</subfield>
    <subfield code="7">1</subfield>
    <subfield code="8">BTECHCE</subfield>
    <subfield code="a">PIET</subfield>
    <subfield code="b">PIET</subfield>
    <subfield code="d">2020-12-03</subfield>
    <subfield code="e">Indian Water Works Association</subfield>
    <subfield code="h">2015(Apr-Jun Vol.47 No.2, Jul-Sep Vol.47 No.3, Oct-Dec Vol.47 No.4) 2016( Jan-Mar Vol.48 No.1, Jul-Sep Vol.48 No.3, Oct-Dec Vol.48 No.4)</subfield>
    <subfield code="l">0</subfield>
    <subfield code="p">BV6</subfield>
    <subfield code="r">2020-12-03 00:00:00</subfield>
    <subfield code="w">2015-01-09</subfield>
    <subfield code="y">BV</subfield>
  </datafield>
</record>
